भारत के आदिवासी विकास की समस्याएं / (Record no. 121175)
[ view plain ]
| 000 -LEADER | |
|---|---|
| fixed length control field | 00971nam a22002417a 4500 |
| 005 - DATE AND TIME OF LATEST TRANSACTION | |
| control field | 20170124103208.0 |
| 010 ## - LIBRARY OF CONGRESS CONTROL NUMBER | |
| LC control number | A-912825 |
| 020 ## - INTERNATIONAL STANDARD BOOK NUMBER | |
| Terms of availability | 00.00 |
| 035 ## - SYSTEM CONTROL NUMBER | |
| System control number | A-912825 |
| 037 ## - SOURCE OF ACQUISITION | |
| Source of stock number/acquisition | Cen Lib/Ret |
| 040 ## - CATALOGING SOURCE | |
| Original cataloging agency | DPL |
| Language of cataloging | HN |
| 082 ## - DEWEY DECIMAL CLASSIFICATION NUMBER | |
| Classification number | 307.7720904 |
| Item number | नायडू |
| 100 ## - MAIN ENTRY--PERSONAL NAME | |
| Personal name | नायडू, पी. आर. |
| 9 (RLIN) | 95352 |
| 245 ## - TITLE STATEMENT | |
| Title | भारत के आदिवासी विकास की समस्याएं / |
| Statement of responsibility, etc | पी. आर. नायडू |
| 246 ## - VARYING FORM OF TITLE | |
| Title proper/short title | Bharat ke aadivasi vikas ki samasyayen |
| Remainder of title | by P.R. Naydu |
| 300 ## - PHYSICAL DESCRIPTION | |
| Extent | 469पृष्ठ. |
| Dimensions | 20सेमी(सजिल्द) |
| 500 ## - GENERAL NOTE | |
| General note | सन्दर्भ ग्रन्थ सूची शामिल |
| 650 ## - SUBJECT ADDED ENTRY--TOPICAL TERM | |
| Topical term or geographic name as entry element | भारतीय समुदाय |
| 9 (RLIN) | 95353 |
| 650 ## - SUBJECT ADDED ENTRY--TOPICAL TERM | |
| Topical term or geographic name as entry element | आदिवासी उपयोजना |
| 9 (RLIN) | 95354 |
| 650 ## - SUBJECT ADDED ENTRY--TOPICAL TERM | |
| Topical term or geographic name as entry element | Indian community |
| 9 (RLIN) | 95355 |
| 650 ## - SUBJECT ADDED ENTRY--TOPICAL TERM | |
| Topical term or geographic name as entry element | Tribal Sub Plan |
| 9 (RLIN) | 95356 |
| 942 ## - ADDED ENTRY ELEMENTS (KOHA) | |
| Source of classification or shelving scheme | Dewey Decimal Classification |
| Koha item type | Hindi Books |
| Classification part | 307.7720904 |
| Call number suffix | नायडू |
| Withdrawn status | Lost status | Damaged status | Not for loan | Home library | Current library | Date acquired | Source of acquisition | Cost, normal purchase price | Total Checkouts | Full call number | Barcode | Date last seen | Copy number | Cost, replacement price | Price effective from | Koha item type |
|---|---|---|---|---|---|---|---|---|---|---|---|---|---|---|---|---|
| Central Library | Central Library | 03/10/2015 | Cen Lib/Ret | 0.00 | 307.7720904 नायडू | A-912825 | 03/10/2015 | 1 | 0.00 | 03/10/2015 | Hindi Books |
